LEADER 01271nam a2200277 4500 001 000000338180 003 CaOOAMICUS 005 20211025140310.0 008 191126s2013 it 000 u ita r 020 $a978-88-10-45008-6 040 $aSeMil$bita 100 1 $aSgubbi, Giorgio <1958->.$0(OLS)http://semarc/name/24013 245 10$aPensare sul confine :$bsaggi di teologia fondamentale /$cGiorgio Sgubbi ; prefazione di Pierangelo Sequeri. 264 1$aBologna :$bEDB,$c2013. 300 $a365 p. ;$c24 cm 490 1 $aBiblioteca di teologia dell'evangelizzazione ;$v8 650 4$aTeologia fondamentale - Saggi.$0(OLS)http://semarc/subject/5976 700 1 $aSequeri, Pierangelo,$d<1944- >.$0(OLS)http://semarc/name/7586 830 0$aBiblioteca di teologia dell'evangelizzazione ;$v8.$0(OLS)http://semarc/title/25697 850 $aSeMil 852 $aSeMil$W1$xVenegono$y1$m2B VI 498$j218454$B229466$CSeMilBibl$Z2$F229466 $81 961 $aConti don Ermenegildo - Omaggio 996 $6020$a978-88-10-45008-6$9(OLS)http://semarc/number/289281 996 $6245$aPensare sul confine :$bsaggi di teologia fondamentale$9(OLS)http://semarc/title/427031 996 $6264$aBologna :$bEDB$9(OLS)http://semarc/publisher/29669 LEADER 00701nam a2200181 i 4500 001 000000208093 003 CaOOAMICUS 005 20111111000000.0 008 111111n it u000 u eng u 013 $a186876 040 $aSeMil$bita 245 14$aThe Grand Alliance. 300 $aXIX, 725 p., 28 c. di tav. :$bill. 700 1 $aChurchill, Winston,$d<1874-1965>.$0(OLS)http://semarc/name/7766 773 0 $aChurchill, Winston <1874-1965>$tSecond World War.$dLondon : The Educational Book Company LTD, [1954?]$gVolume3$w()25760 850 $aSeMil 852 $aSeMil$W1$xVenegono$y1$m3U V 121$j158551$B158551$CSeMilBibl$Z2$F169688 $81 996 $6245$aThe Grand Alliance$9(OLS)http://semarc/title/300930